Methods in plant ecology

Uloženo v:
Podrobná bibliografie
Hlavní autor: Peter D Moor
Médium: Kniha
Jazyk:Undetermined
Vydáno: London Backwell Scientific publications
Témata:
Tagy: Přidat tag
Žádné tagy, Buďte první, kdo otaguje tento záznam!
Thư viện lưu trữ: Trung tâm Học liệu Trường Đại học Cần Thơ
LEADER 00441nam a2200157Ia 4500
001 CTU_33310
008 210402s9999 xx 000 0 und d
082 |a 581.5 
082 |b M823 
100 |a Peter D Moor 
245 0 |a Methods in plant ecology 
245 0 |c Peter D Moor, S B Chapman 
260 |a London 
260 |b Backwell Scientific publications 
650 |a plant ecology 
980 |a Trung tâm Học liệu Trường Đại học Cần Thơ